8 mots dans mots : Kan (mort subite) - Statistiques

Statistiques générales
  • Ce quiz a été pris 37 fois
  • Le résultat moyen est 6 sur 8
Answers on the Grid
Answers color-coded by a green-red scale on the quiz's grid according to % correct below.
Ar---sas
Antipar---sonien
Bal---isme
Médico-psychopéd---gique
---sas City
Fantasm---rique
Déstoc---t
Oesoph---plastie
Pé---ois
Rat- ---gourou
W---ns-restaurants
Afri---er
Roc---g-chair
Jer---t
Masseur- ---ésithérapeute
Alas--- malamute
 
Statistiques - réponses
Réponse % Correct
Ar---sas
100%
---sas City
97%
Bal---isme
88%
Afri---er
81%
Rat- ---gourou
66%
Alas--- malamute
56%
Déstoc---t
47%
Jer---t
41%
Aucun quiz correspondant
Distribution des résultats
% des personnes avec chaque résultat
Percentile par nombre de réponses
Votre historique - résultats
Vous n’avez pas pris ce quiz